Country Per Second - Oceania - Statistics

General Stats
  • This quiz has been taken 26 times
  • The average score is 8 of 14
Answers on the Map
Answers color-coded by a green-red scale on the quiz's map according to % correct below.
 
Answer Stats
Country % Correct
Australia
68%
Fiji
68%
Nauru
63%
Palau
63%
Samoa
63%
Kiribati
58%
Tonga
58%
Tuvalu
58%
New Zealand
53%
Vanuatu
53%
Micronesia
42%
Papua New Guinea
42%
Marshall Islands
37%
Solomon Islands
26%
No matching quizzes found
Score Distribution
Percent of People with Each Score
Percentile by Number Answered
Your Score History
You have not taken this quiz